| 000 | 01437nam0a2200313 4500 | ||
|---|---|---|---|
| 001 | RU\NLR\bibl\16038 | ||
| 005 | 20260406053312.0 | ||
| 010 | _a5-300-01753-1 | ||
| 021 |
_aRU _b98-15151 _9715 |
||
| 035 | _a(NLR Aleph) 000015666 | ||
| 090 |
_a65147 _c65147 |
||
| 100 | _a19990315d1998 |||y0rusy50 ca | ||
| 101 | 1 |
_arus _cger |
|
| 102 | _aRU | ||
| 105 | _a||||||||||||| | ||
| 200 | 1 |
_aРазмышления перед казнью _eВоспоминания, письма и документы нач. штаба Верхов. главнокомандования вермахта _fВильгельм Кейтель _g[Пер. с нем., предисл. Г.Рудого] |
|
| 210 |
_aМ. _cТЕРРА - Кн. клуб _d1998 |
||
| 215 |
_a505 с. _d22 |
||
| 225 | 1 |
_aТайны истории _eТИ _iВек ХХ |
|
| 606 | 0 |
_aВторая мировая война _jДокументы и материалы _z1939 - 1945 _9981773 _3RU\NLR\auth\6651280 |
|
| 606 | 0 |
_aВторая мировая война _jВоспоминания, записки и т.п. _z1939 - 1945 _9981773 _3RU\NLR\auth\6651280 |
|
| 686 | _aТ3(0)62,011 | ||
| 700 | 1 |
_4070 _8rus _7ca _aКейтель _bВ. _cфельдмаршал _f1882-1946 _gВильгельм _3RU\NLR\AUTH\778096 _9118015 |
|
| 801 | 0 |
_aRU _bNLR _c19990315 _gPSBO |
|
| 801 | 1 |
_aRU _bNLR _c19990315 |
|
| 830 | _aАвт. раскрыт по кн. | ||
| 852 |
_aNLR _j98-5/1420 |
||
| 942 | _cBOOK | ||
| 980 | _aNB | ||